| 000 | 00728nam a22002057a 4500 | ||
|---|---|---|---|
| 999 |
_c17139 _d17139 |
||
| 003 | AR-CdUCM | ||
| 008 | 190507b ||||| |||| 00| 0 spa d | ||
| 040 |
_aMUNICIPALIDAD PROVINCIAL DEL CUSCO _cBIBLIOTECA MUNICIPAL DEL CUSCO |
||
| 082 |
_a973.07 / _bW35 |
||
| 100 |
_aWebb, Willard _936999 |
||
| 245 | _aMomentos cruciales de la guerra de sucesión / | ||
| 260 |
_aBuenos Aires : _bPlaza & Janes, _c1967. |
||
| 300 |
_a493 páginas ; _c19 cm. |
||
| 505 | _aContenido: La batalla de Raúl Run -- El pantano de White Oak y Malvern -- La batalla de Shiloh... | ||
| 650 |
_aGuerra civil _91772 |
||
| 650 |
_aHistoria _9136 |
||
| 700 |
_aSánchez, Atanasio (traductor) _91172 |
||
| 942 |
_2ddc _cLIBROS |
||
| 945 |
_aacv _d2019-05-07 |
||